=LDR 00000nam 2200000 4500 =001 $a INLIS000000000008545 =005 $a 20260629134834 =008 $a 260629###########################0#ind## =022 ##$$a - =035 ##$$a 0010-0626000172 =082 ##$$a 649.1 =084 ##$$a 649.1 STA d =100 #$$a Stallings Rebecca Y. =245 ##$$a DHS Comprative Reports $b Child Morbidity and Treatment Patterns $c Stallings Rebecca Y. (Penulis) =246 ##$$a =260 ##$$a America $b ORC Macro $c 2004 =300 ##$$a 134 hlm $b Ilus $c 23 cm $d =336 ##$$a =337 ##$$a =338 ##$$a =520 #$$a - =650 #$$a Penyakit Anak =700 #$$a =740 ##$$a =856 ##$$a - =Wor $a 1